[Event "Titled Tuesday intern op 05th Jul Early"]
[Site "Chess.com INT"]
[Date "2022.07.05"]
[Round "9"]
[White "Warchol, Kamil"]
[Black "Auger, Michael W"]
[Result "1-0"]
[WhiteElo "2121"]
[BlackElo "2115"]
[PlyCount "85"]
[EventDate "2022.07.05"]
[EventType "swiss (blitz)"]
[EventRounds "11"]
[EventCountry "USA"]
[SourceTitle "CBM 209 Extra"]
[Source "ChessBase"]
[SourceDate "2022.09.30"]
[SourceVersion "1"]
[SourceVersionDate "2022.09.30"]
[SourceQuality "1"]

1. e4 c5 2. Nf3 d6 3. d4 cxd4 4. Nxd4 Nf6 5. Nc3 a6 6. f4 e6 7. Qf3 Qc7 8. g4 e5 9. Nf5 g6 10. Ne3 h5 11. g5 Bg4 12. Qg2 exf4 13. gxf6 fxe3 14. Bxe3 Qa5 15. h3 Be6 16. 0-0-0 Nd7 17. a3 Rc8 18. Nd5 Bxd5 19. Rxd5 Qa4 20. Rd4 Qc6 21. Rc4 Nc5 22. b4 Qa4 23. bxc5 Qxa3+ 24. Kd2 dxc5 25. Qg3 Rd8+ 26. Bd3 Bd6 27. e5 Bc7 28. Qf3 Qa5+ 29. Ke2 Rd7 30. e6 fxe6 31. Bxg6+ Kd8 32. Qxb7 Rd6 33. Bd3 Rh7 34. Rxc5 Qb6 35. Qa8+ Bb8 36. Rc8+ Kxc8 37. Bxb6 Rxb6 38. Bxa6+ Kc7 39. Rg1 Rd7 40. Rg7 Rbd6 41. Rxd7+ Rxd7 42. Qb7+ Kd8 43. Qxb8# 1-0

[Event "Titled Tuesday intern op 21st April"]
[Site "Chess.com INT"]
[Date "2020.04.21"]
[Round "2"]
[White "Auger, Michael W"]
[Black "Rodrigues, Afonso"]
[Result "1-0"]
[WhiteElo "2146"]
[BlackElo "2085"]
[PlyCount "57"]
[EventDate "2020.04.21"]
[EventType "swiss (blitz)"]
[EventRounds "10"]
[EventCountry "USA"]
[SourceTitle "EXT 2021"]
[Source "ChessBase"]
[SourceDate "2020.10.23"]
[SourceVersion "1"]
[SourceVersionDate "2020.10.23"]
[SourceQuality "1"]

1. e4 e6 2. d4 d5 3. Nc3 Nf6 4. e5 Nfd7 5. Nce2 c5 6. c3 Nc6 7. f4 Qb6 8. Nf3 f6 9. h4 cxd4 10. cxd4 fxe5 11. fxe5 Bb4+ 12. Bd2 0-0 13. Bc3 Ne7 14. Qd3 Nf5 15. g4 Nh6 16. Ng5 g6 17. h5 Bxc3+ 18. bxc3 Nxg4 19. hxg6 h6 20. Nf7 Ndxe5 21. dxe5 Nf2 22. Qd2 Nxh1 23. Qxh6 Rxf7 24. gxf7+ Kxf7 25. Qh7+ Ke8 26. Qxh1 Kd7 27. Qh7+ Kc6 28. Nd4+ Kc5 29. Qe7+ 1-0

[Event "Titled Tuesday intern op 17th April"]
[Site "Chess.com INT"]
[Date "2018.04.17"]
[Round "1"]
[White "Ahmadzada, Ahmad Samir"]
[Black "Auger, Michael W"]
[Result "0-1"]
[WhiteElo "2283"]
[BlackElo "2146"]
[PlyCount "126"]
[EventDate "2018.04.17"]
[EventType "swiss (blitz)"]
[EventRounds "10"]
[EventCountry "USA"]
[SourceTitle "EXT 2021"]
[Source "ChessBase"]
[SourceDate "2020.10.23"]
[SourceVersion "1"]
[SourceVersionDate "2020.10.23"]
[SourceQuality "1"]

1. e4 c5 2. Nf3 d6 3. d4 cxd4 4. Nxd4 Nf6 5. Nc3 a6 6. Bc4 e6 7. Bb3 Nc6 8. 0-0 Na5 9. Be3 Nxb3 10. axb3 Be7 11. f4 0-0 12. Qf3 Qc7 13. g4 e5 14. Nf5 Bxf5 15. gxf5 Kh8 16. Kh1 Qc6 17. fxe5 dxe5 18. Bg5 b5 19. Rf2 b4 20. Bxf6 Bxf6 21. Nd5 a5 22. Rg1 Rg8 23. Rfg2 Rac8 24. Qh5 Rcf8 25. Rg3 g6 26. Qh6 Bg7 27. Qh4 gxf5 28. R1g2 Re8 29. Ne7 Rxe7 30. Qxe7 Qxe4 31. Qxf7 Qe1+ 32. Rg1 Qe4+ 33. R3g2 f4 34. Rf1 Qc6 35. h3 Qf6 36. Qxf6 Bxf6 37. Rxg8+ Kxg8 38. Kg2 Kf7 39. Kf3 Ke6 40. Ke4 h5 41. Rd1 Kf7 42. Rd5 Kg6 43. Rxa5 Kg5 44. Ra8 Kh4 45. Rg8 Kxh3 46. c4 Be7 47. Rg7 Bc5 48. Kxe5 f3 49. Rf7 f2 50. Kd5 Be3 51. c5 Kg2 52. c6 Bb6 53. Ke5 f1Q 54. Rxf1 Kxf1 55. Kf5 Ke2 56. Kg5 Kd3 57. Kxh5 Kc2 58. Kg6 Kxb3 59. Kf5 Kxb2 60. Ke6 b3 61. Kd7 Kc2 62. Kc8 b2 63. Kb7 b1Q 0-1

[Event "Titled Tuesday intern op 17th April"]
[Site "Chess.com INT"]
[Date "2018.04.17"]
[Round "8"]
[White "Auger, Michael W"]
[Black "Karas, Marek"]
[Result "1-0"]
[WhiteElo "2146"]
[BlackElo "2200"]
[PlyCount "83"]
[EventDate "2018.04.17"]
[EventType "swiss (blitz)"]
[EventRounds "10"]
[EventCountry "USA"]
[SourceTitle "EXT 2021"]
[Source "ChessBase"]
[SourceDate "2020.10.23"]
[SourceVersion "1"]
[SourceVersionDate "2020.10.23"]
[SourceQuality "1"]

1. e4 e6 2. d4 d5 3. Nc3 Nf6 4. e5 Nfd7 5. Nce2 c5 6. c3 Nc6 7. f4 Be7 8. Nf3 0-0 9. h4 f6 10. a3 cxd4 11. cxd4 fxe5 12. fxe5 Rxf3 13. gxf3 Bxh4+ 14. Kd2 Nb6 15. b3 Bd7 16. Bb2 Rc8 17. Rc1 Bg5+ 18. f4 Bh6 19. Bh3 Qf8 20. Rf1 Qe7 21. Rc3 a5 22. a4 Rf8 23. Qe1 Qb4 24. Qf2 Nxa4 25. bxa4 Qxb2+ 26. Kd3 Nb4+ 27. Ke3 Rxf4 28. Qxf4 Bxf4+ 29. Rxf4 g5 30. Rf6 Nc2+ 31. Kd3 Ne1+ 32. Ke3 Nc2+ 33. Kd3 Nb4+ 34. Ke3 Qb1 35. Kf2 Qe4 36. Rcf3 g4 37. Rf8+ Kg7 38. R3f7+ Kh6 39. Rf6+ Kg5 40. Rg8+ Kh5 41. Ng3+ Kh4 42. Rh6# 1-0

[Event "Titled Tuesday intern op 17th April"]
[Site "Chess.com INT"]
[Date "2018.04.17"]
[Round "10"]
[White "Landaw, Julian W"]
[Black "Auger, Michael W"]
[Result "1-0"]
[WhiteElo "2318"]
[BlackElo "2146"]
[PlyCount "71"]
[EventDate "2018.04.17"]
[EventType "swiss (blitz)"]
[EventRounds "10"]
[EventCountry "USA"]
[SourceTitle "EXT 2021"]
[Source "ChessBase"]
[SourceDate "2020.10.23"]
[SourceVersion "1"]
[SourceVersionDate "2020.10.23"]
[SourceQuality "1"]

1. e4 c5 2. Nc3 a6 3. g3 b5 4. Bg2 Bb7 5. a3 e6 6. d3 h5 7. h3 Nc6 8. f4 Nf6 9. e5 Ng8 10. Ne4 Qc7 11. Be3 Nd4 12. Bf2 Rb8 13. b4 d6 14. exd6 Bxd6 15. Rh2 Nf6 16. Nxd6+ Qxd6 17. Bxb7 Rxb7 18. c3 Nf5 19. bxc5 Qd5 20. Qf3 Rc7 21. Qxd5 Nxd5 22. Kd2 h4 23. g4 Ng3 24. Bd4 f6 25. Rf2 Kf7 26. Re1 Rd8 27. Nf3 Nxf4 28. Ne5+ fxe5 29. Rxe5 g5 30. Rxg5 Nge2 31. Rg7+ Kf8 32. Rxc7 e5 33. Bxe5 Rxd3+ 34. Kc2 Rxh3 35. Bxf4 Rxc3+ 36. Kb2 1-0

[Event "Titled Tuesday intern op 7th April"]
[Site "Chess.com INT"]
[Date "2015.04.07"]
[Round "1"]
[White "Auger, Michael W"]
[Black "Ibarra Jerez, Jose Carlos"]
[Result "0-1"]
[WhiteElo "2151"]
[BlackElo "2537"]
[PlyCount "82"]
[EventDate "2015.04.07"]
[EventType "swiss (blitz)"]
[EventRounds "9"]
[EventCountry "USA"]
[SourceTitle "EXT 2021"]
[Source "ChessBase"]
[SourceDate "2020.10.23"]
[SourceVersion "1"]
[SourceVersionDate "2020.10.23"]
[SourceQuality "1"]

1. e4 c5 2. c3 Nf6 3. e5 Nd5 4. d4 cxd4 5. Nf3 e6 6. cxd4 d6 7. Bc4 Nc6 8. 0-0 Be7 9. a3 0-0 10. Bd3 Bd7 11. Qe2 Na5 12. Nbd2 Nf4 13. Qe4 Nxd3 14. Qxd3 Qb6 15. b4 Nc6 16. Nc4 Qc7 17. Ng5 g6 18. exd6 Bxd6 19. b5 Na5 20. Nxd6 Qxd6 21. Ne4 Qe7 22. Bd2 f5 23. Ng3 b6 24. Bb4 Qe8 25. a4 Rf7 26. Rac1 Rc8 27. Ne2 h6 28. Kh1 Kh7 29. Ng1 e5 30. dxe5 Qxe5 31. Rxc8 Bxc8 32. Bc3 Qe8 33. Re1 Qd7 34. Qg3 f4 35. Qf3 Bb7 36. Qe2 f3 37. gxf3 g5 38. Qe5 Kg6 39. h4 Qf5 40. Qd6+ Kh5 41. Re3 Qg4 0-1

[Event "Titled Tuesday intern op 3rd March"]
[Site "Chess.com INT"]
[Date "2015.03.03"]
[Round "6"]
[White "Auger, Michael W"]
[Black "Ehlvest, Jaan"]
[Result "0-1"]
[WhiteElo "2151"]
[BlackElo "2547"]
[PlyCount "64"]
[EventDate "2015.03.03"]
[EventType "swiss (blitz)"]
[EventRounds "9"]
[EventCountry "USA"]
[SourceTitle "EXT 2021"]
[Source "ChessBase"]
[SourceDate "2020.10.23"]
[SourceVersion "1"]
[SourceVersionDate "2020.10.23"]
[SourceQuality "1"]

1. e4 e5 2. Nf3 Nc6 3. Bb5 Bc5 4. 0-0 d6 5. c3 Bb6 6. d3 Nge7 7. Be3 0-0 8. Nbd2 Bg4 9. h3 Bh5 10. Bc4 Kh8 11. Qc2 f6 12. a4 d5 13. exd5 Nxd5 14. Bxb6 axb6 15. Rae1 Nf4 16. Re3 Qd7 17. Kh2 Rad8 18. Ne4 Na5 19. Bb5 c6 20. Bc4 Nxc4 21. dxc4 c5 22. Nfd2 f5 23. g4 fxe4 24. Nxe4 Bg6 25. Rfe1 Nd3 26. R1e2 Bxe4 27. Rxe4 Qf7 28. R4e3 Nxf2 29. Kg2 Nd1 30. Rd3 Qf1+ 31. Kg3 Nf2 32. Rxd8 Qxh3# 0-1

[Event "Titled Tuesday intern op 3rd March"]
[Site "Chess.com INT"]
[Date "2015.03.03"]
[Round "7"]
[White "Taboas Rodriguez, Daniel"]
[Black "Auger, Michael W"]
[Result "0-1"]
[WhiteElo "2399"]
[BlackElo "2151"]
[PlyCount "98"]
[EventDate "2015.03.03"]
[EventType "swiss (blitz)"]
[EventRounds "9"]
[EventCountry "USA"]
[SourceTitle "EXT 2021"]
[Source "ChessBase"]
[SourceDate "2020.10.23"]
[SourceVersion "1"]
[SourceVersionDate "2020.10.23"]
[SourceQuality "1"]

1. d4 Nf6 2. Nf3 g6 3. c4 Bg7 4. Nc3 d5 5. cxd5 Nxd5 6. e4 Nxc3 7. bxc3 0-0 8. Be2 c5 9. 0-0 Nc6 10. Be3 Qc7 11. Qd2 Rd8 12. Rad1 Bg4 13. d5 Bxf3 14. Bxf3 c4 15. Be2 Na5 16. f4 b6 17. e5 Nb7 18. Bf3 Rac8 19. Qd4 e6 20. d6 Nxd6 21. Bf2 Nb5 22. Qe3 Bf8 23. a4 Na3 24. Qe2 Rxd1 25. Rxd1 Rd8 26. Bd4 Qd7 27. a5 Nb5 28. axb6 axb6 29. Kf1 Qc7 30. Qf2 Nxd4 31. Rxd4 Bc5 32. Rxd8+ Qxd8 33. Qe2 b5 34. g3 Qa5 35. Qb2 Qb6 36. Kg2 Be7 37. Ba8 b4 38. cxb4 Bxb4 39. Be4 Qc5 40. Qc2 Qd4 41. h4 Kg7 42. Kf3 Bc5 43. Kg2 Qg1+ 44. Kh3 Bf2 45. Bg2 Qe1 46. Qxc4 Bxg3 47. h5 Bh4 48. Qd3 Be7 49. hxg6 Qh4# 0-1

[Event "USA-chT College final"]
[Site "New York"]
[Date "2014.04.05"]
[Round "1.2"]
[White "Auger, Michael W"]
[Black "So, Wesley"]
[Result "0-1"]
[WhiteElo "2128"]
[BlackElo "2738"]
[PlyCount "116"]
[EventDate "2014.04.05"]
[EventType "team-tourn"]
[EventRounds "3"]
[EventCountry "USA"]
[SourceTitle "EXT 2017"]
[Source "ChessBase"]
[SourceDate "2016.10.25"]
[SourceVersion "1"]
[SourceVersionDate "2016.10.25"]
[SourceQuality "1"]

1. e4 e5 2. Nf3 Nc6 3. Bb5 a6 4. Ba4 Nf6 5. 0-0 Be7 6. Re1 b5 7. Bb3 d6 8. c3 0-0 9. d3 h6 10. Nbd2 Na5 11. Bc2 c5 12. Nf1 Nc6 13. a4 Be6 14. Ng3 Rc8 15. axb5 axb5 16. h3 d5 17. exd5 Qxd5 18. Qe2 Nd7 19. Nd2 Nb6 20. Nf3 Nd7 21. Nd2 Bh4 22. Nge4 Nd8 23. Nf3 Be7 24. Ng3 Bd6 25. Ra6 Bb8 26. Qe4 Rc6 27. Ra5 Qxe4 28. dxe4 Rb6 29. Be3 Nb7 30. Raa1 Rc8 31. Red1 Kf8 32. Nh4 b4 33. Ba4 Nf6 34. Nhf5 Bc7 35. cxb4 Rxb4 36. Bc6 Bb8 37. Bxb7 Rxb7 38. Ra5 Nd7 39. Rxd7 Bxd7 40. Bxc5+ Rxc5 41. Rxc5 Rxb2 42. Rd5 Rb7 43. Rd2 Ba7 44. Kh2 f6 45. h4 g6 46. Nd6 Rb4 47. h5 Rd4 48. Rxd4 exd4 49. hxg6 d3 50. Nc4 Bxf2 51. Nh5 Be6 52. g7+ Ke7 53. Nb2 d2 54. Nf4 Bb3 55. g3 Kf7 56. Kg2 Bd4 57. Nfd3 Bc2 58. e5 fxe5 0-1

[Event "USA-chT College"]
[Site "Rockville"]
[Date "2013.04.06"]
[Round "2"]
[White "Holt, Conrad"]
[Black "Auger, Michael W"]
[Result "1-0"]
[WhiteElo "2509"]
[BlackElo "2089"]
[PlyCount "45"]
[EventDate "2013.04.06"]
[EventType "team-tourn"]
[EventRounds "3"]
[EventCountry "USA"]
[SourceTitle "CBM 153 Extra"]
[Source "ChessBase"]
[SourceDate "2013.04.22"]
[SourceVersion "1"]
[SourceVersionDate "2013.04.22"]
[SourceQuality "1"]
[WhiteTeam "Dallas UT"]
[BlackTeam "Illinois Univ"]
[WhiteTeamCountry "USA"]
[BlackTeamCountry "USA"]

1. d4 Nf6 2. c4 g6 3. Nc3 d5 4. e3 Bg7 5. Qb3 dxc4 6. Bxc4 0-0 7. Nf3 Nc6 8. Be2 Na5 9. Qa3 Nc6 10. 0-0 Qd6 11. Qb3 Qb4 12. Nb5 Qxb3 13. axb3 a6 14. Nxc7 Ra7 15. Ne5 Nd7 16. Nxd7 Bxd7 17. d5 Nb4 18. Bd2 Bxb2 19. Bxb4 Bxa1 20. Rxa1 Rc8 21. d6 exd6 22. Nd5 Rd8 23. Ba5 1-0

[Event "Dos Hermanas Internet qual-E 10th"]
[Site "ICC INT"]
[Date "2009.03.15"]
[Round "2"]
[White "Auger, Michael W"]
[Black "Bassan, Remo"]
[Result "0-1"]
[WhiteElo "1904"]
[BlackElo "2179"]
[PlyCount "144"]
[EventDate "2009.03.15"]
[EventType "swiss (blitz)"]
[EventRounds "12"]
[EventCountry "ESP"]
[SourceTitle "CBM 129 Extra"]
[Source "ChessBase"]
[SourceDate "2009.05.05"]
[SourceVersion "2"]
[SourceVersionDate "2009.05.20"]
[SourceQuality "1"]

1. e4 c5 2. c3 Nf6 3. e5 Nd5 4. d4 cxd4 5. cxd4 d6 6. Nf3 Nc6 7. Nc3 e6 8. exd6 Bxd6 9. Bd3 Nf4 10. Bxf4 Bxf4 11. 0-0 0-0 12. d5 Nb4 13. Be4 f5 14. Bc2 Nxd5 15. Nxd5 Qxd5 16. Qe2 Bd7 17. Bb3 Qe4 18. Qd1 Rad8 19. Re1 Bc8 20. Rxe4 Rxd1+ 21. Rxd1 fxe4 22. Nd4 Rd8 23. Kf1 Kf7 24. Ke2 Kf6 25. Nb5 Rxd1 26. Kxd1 Bd7 27. Nc3 e3 28. Ke2 exf2 29. Kxf2 Be5 30. Nd1 Bd4+ 31. Ke2 Bb5+ 32. Kd2 Bc6 33. g3 Bf3 34. Nc3 Bg1 35. h3 Bf2 36. g4 Bg2 37. Bc4 Bd4 38. Ne2 Bxb2 39. Nf4 Be4 40. Nxe6 Be5 41. Nc5 Bf4+ 42. Ke2 Ke5 43. Bg8 h6 44. Bf7 Bc6 45. Ne6 g5 46. Ng7 Bg2 47. Nh5 Bxh3 48. Bg6 Bxg4+ 49. Kf2 Bxh5 50. Bxh5 Kf5 51. Bf3 Bd6 52. Be2 Bc5+ 53. Kf3 b6 54. Bd3+ Kf6 55. Bc4 Kg6 56. Kg4 h5+ 57. Kh3 Kf5 58. Bd3+ Kf4 59. Bg6 h4 60. Bh5 Bf2 61. Bg4 Bg3 62. Be6 b5 63. Bg4 b4 64. Be6 a5 65. Bg4 a4 66. Be6 a3 67. Bd7 g4+ 68. Bxg4 b3 69. axb3 a2 70. b4 a1Q 71. Bf3 Qb2 72. b5 Qh2# 0-1

[Event "Dos Hermanas Internet qual-E 10th"]
[Site "ICC INT"]
[Date "2009.03.15"]
[Round "11"]
[White "Bortnyk, Olexandr"]
[Black "Auger, Michael W"]
[Result "1-0"]
[WhiteElo "2170"]
[BlackElo "1904"]
[PlyCount "137"]
[EventDate "2009.03.15"]
[EventType "swiss (blitz)"]
[EventRounds "12"]
[EventCountry "ESP"]
[SourceTitle "CBM 129 Extra"]
[Source "ChessBase"]
[SourceDate "2009.05.05"]
[SourceVersion "2"]
[SourceVersionDate "2009.05.20"]
[SourceQuality "1"]

1. e4 Nf6 2. e5 Nd5 3. d4 d6 4. Nf3 Bg4 5. Be2 Nc6 6. c4 Nb6 7. exd6 exd6 8. 0-0 Be7 9. b3 Bf6 10. Be3 0-0 11. Nc3 d5 12. c5 Nc8 13. h3 Bh5 14. Qd2 N8e7 15. g4 Qd7 16. Nh2 h6 17. gxh5 Nf5 18. Bg4 Nce7 19. Rae1 Qc6 20. b4 a6 21. a4 b5 22. a5 Rfe8 23. Kh1 Nxe3 24. fxe3 Bg5 25. Nf3 Bf6 26. e4 dxe4 27. Nxe4 Nd5 28. Nxf6+ Nxf6 29. Kg1 Qd5 30. Ne5 Rad8 31. Bf3 Qe6 32. Bg2 Nxh5 33. Ng4 Qd7 34. Rxe8+ Rxe8 35. d5 Rd8 36. Ne5 Qe8 37. Ng4 Rd7 38. d6 Ng3 39. Re1 Qd8 40. Ne5 Nf5 41. Nxd7 Qxd7 42. c6 Qxd6 43. Qxd6 Nxd6 44. Re7 Kf8 45. Rxc7 Ke8 46. Ra7 Kd8 47. c7+ Kd7 48. Rxa6 Kc8 49. Rxd6 Kxc7 50. Rd5 f6 51. Rc5+ Kd6 52. Rxb5 Ke7 53. Rb6 Kf7 54. a6 h5 55. a7 h4 56. a8Q Kg6 57. Qe4+ Kg5 58. Rxf6 g6 59. Qg4+ Kxf6 60. b5 Ke5 61. b6 Kd6 62. b7 Ke5 63. Qxg6 Kf4 64. b8Q+ Ke3 65. Qe5+ Kd2 66. Qgd6+ Kc1 67. Qec5+ Kb2 68. Qdb6+ Ka1 69. Qca5# 1-0

[Event "Dos Hermanas Internet qual-C 10th"]
[Site "ICC INT"]
[Date "2009.03.14"]
[Round "7"]
[White "Auger, Michael W"]
[Black "Mahia, Gustavo"]
[Result "1-0"]
[WhiteElo "1904"]
[BlackElo "2393"]
[PlyCount "45"]
[EventDate "2009.03.14"]
[EventType "swiss (blitz)"]
[EventRounds "12"]
[EventCountry "ESP"]
[SourceTitle "CBM 129 Extra"]
[Source "ChessBase"]
[SourceDate "2009.05.05"]
[SourceVersion "2"]
[SourceVersionDate "2009.05.20"]
[SourceQuality "1"]

1. e4 e5 2. d4 exd4 3. c3 dxc3 4. Bc4 Nc6 5. Nxc3 d6 6. f4 Nf6 7. Nf3 Be7 8. 0-0 0-0 9. Be3 Bg4 10. Qe2 Re8 11. Rad1 Bf8 12. e5 Nd7 13. Bxf7+ Kxf7 14. Ng5+ Kg8 15. Qc4+ Be6 16. Nxe6 Qe7 17. Ng5+ Kh8 18. Nf7+ Qxf7 19. Qxf7 Re7 20. Qf5 g6 21. Qh3 Bg7 22. Nd5 Rf7 23. e6 1-0

[Event "Dos Hermanas Internet qual-C 10th"]
[Site "ICC INT"]
[Date "2009.03.14"]
[Round "5"]
[White "Martchenko, Alexander"]
[Black "Auger, Michael W"]
[Result "1-0"]
[WhiteElo "2036"]
[BlackElo "1904"]
[PlyCount "103"]
[EventDate "2009.03.14"]
[EventType "swiss (blitz)"]
[EventRounds "12"]
[EventCountry "ESP"]
[SourceTitle "CBM 129 Extra"]
[Source "ChessBase"]
[SourceDate "2009.05.05"]
[SourceVersion "2"]
[SourceVersionDate "2009.05.20"]
[SourceQuality "1"]

1. e4 Nf6 2. e5 Nd5 3. d4 d6 4. c4 Nb6 5. f4 dxe5 6. fxe5 e6 7. Nf3 N6d7 8. Nc3 c5 9. d5 exd5 10. cxd5 Qe7 11. Bf4 h6 12. Bb5 g5 13. Bg3 Bg7 14. 0-0 0-0 15. Re1 a6 16. Bxd7 Bxd7 17. Ne4 Bf5 18. d6 Qd8 19. Nxc5 Qb6 20. Bf2 Qxb2 21. Nd4 Bg6 22. Qb3 Qxb3 23. axb3 Nc6 24. Nxc6 bxc6 25. Rxa6 Rae8 26. Bd4 f6 27. e6 f5 28. Bxg7 Kxg7 29. d7 Re7 30. Rxc6 Rd8 31. Rc8 Rdxd7 32. exd7 Rxe1+ 33. Kf2 Rd1 34. d8Q Rxd8 35. Rxd8 Kf6 36. b4 Ke7 37. Rh8 Bf7 38. Rxh6 g4 39. Nd3 Bd5 40. Nf4 Be4 41. b5 Kd7 42. b6 Kc8 43. Rh7 Kb8 44. Rc7 Ka8 45. Ke3 Kb8 46. Kd4 g3 47. h4 Ka8 48. h5 Kb8 49. h6 Bb7 50. h7 Bc8 51. h8Q Ka8 52. Qxc8# 1-0

[Event "Dos Hermanas Internet qual-C 10th"]
[Site "ICC INT"]
[Date "2009.03.14"]
[Round "8"]
[White "Von Herman, Ulf"]
[Black "Auger, Michael W"]
[Result "1-0"]
[WhiteElo "2378"]
[BlackElo "1904"]
[PlyCount "89"]
[EventDate "2009.03.14"]
[EventType "swiss (blitz)"]
[EventRounds "12"]
[EventCountry "ESP"]
[SourceTitle "CBM 129 Extra"]
[Source "ChessBase"]
[SourceDate "2009.05.05"]
[SourceVersion "2"]
[SourceVersionDate "2009.05.20"]
[SourceQuality "1"]

1. d4 Nf6 2. c4 g6 3. Nc3 d5 4. cxd5 Nxd5 5. Bg5 Bg7 6. Rc1 0-0 7. e3 Re8 8. Nf3 Bg4 9. Be2 Nc6 10. 0-0 h6 11. Bh4 a6 12. h3 Bxf3 13. Bxf3 Nxc3 14. Rxc3 Nb4 15. Qb3 a5 16. a3 Nc6 17. Qxb7 Nxd4 18. exd4 Rb8 19. Qxc7 Qxd4 20. Bxe7 Rxb2 21. Rc4 Qd2 22. Bc5 Be5 23. Qc6 Re6 24. Qd5 Qc2 25. Rxc2 Rxc2 26. Bd4 Rd2 27. Qa8+ Kg7 28. Bxe5+ Rxe5 29. a4 Rd6 30. Bc6 Rc5 31. Bb5 Rc7 32. Qxa5 Re7 33. Qb4 Rde6 34. a5 Rc7 35. a6 Ree7 36. Ra1 Ra7 37. Bc6 Kh7 38. Bb7 Kg7 39. Qb6 Rexb7 40. Qxb7 Rxb7 41. axb7 h5 42. b8Q Kh6 43. f4 Kg7 44. Ra8 Kh6 45. Qh8# 1-0